Statistiken für Universitäten, die Humanmedizin anbieten

Klicken Sie hier um das Quiz zu spielen!

Allgemein

  • Dieses Quiz wurde 145 mal gespielt
    (23 seit der letzten Aktualisierung)
  • Das Durchschnittsergebnis liegt bei 32 aus 40

Antwortstatistiken

BundeslandUniversität% Korrekt
SachsenTechnische Universität Dresden
100%
Charité-Universitätsmedizin Berlin
93%
BayernFriedrich-Alexander-Universität Erlangen-Nürnberg
93%
HessenJohann-Wolfgang-Goethe-Universität Frankfurt am Main
93%
BayernLudwig-Maximilians-Universität München
93%
NiedersachsenMedizinische Hochschule Hannover
93%
Nordrhein-WestfalenRheinisch-Westfälische Technische Hochschule Aachen
93%
BayernTechnische Universität München
93%
SaarlandUniversität des Saarlandes
93%
SachsenUniversität Leipzig
93%
Schleswig-HolsteinChristian-Albrechts-Universität zu Kiel
86%
ThüringenFriedrich-Schiller-Universität Jena
86%
Rheinland-PfalzJohannes Gutenberg-Universität Mainz
86%
HessenJustus-Liebig-Universität Gießen
86%
Sachsen-AnhaltOtto-von-Guericke-Universität Magdeburg
86%
Baden-WürttembergRuprecht-Karls-Universität Heidelberg
86%
Nordrhein-WestfalenUniversität Duisburg-Essen
86%
Mecklenburg-VorpommernUniversität Rostock
86%
Nordrhein-WestfalenUniversität zu Köln
86%
Baden-WürttembergAlbert-Ludwigs-Universität Freiburg
79%
Nordrhein-WestfalenHeinrich-Heine-Universität Düsseldorf
79%
BayernJulius-Maximilians-Universität Würzburg
79%
Sachsen-AnhaltMartin-Luther-Universität Halle-Wittenberg
79%
Baden-WürttembergRuprecht-Karls-Universität Heidelberg, Standort Mannheim
79%
Mecklenburg-VorpommernUniversität Greifswald
79%
Universität Hamburg
79%
Nordrhein-WestfalenUniversität Münster
79%
Baden-WürttembergEberhard Karls Universität Tübingen
71%
NiedersachsenGeorg-August-Universität Göttingen
71%
HessenPhilipps-Universität Marburg
71%
Nordrhein-WestfalenRheinische Friedrich-Wilhelms-Universität Bonn
71%
Nordrhein-WestfalenRuhr-Universität Bochum
71%
BayernUniversität Augsburg
71%
BayernUniversität Regensburg
71%
Baden-WürttembergUniversität Ulm
71%
Schleswig-HolsteinUniversität zu Lübeck
71%
Nordrhein-WestfalenUniversität Bielefeld
64%
NiedersachsenCarl von Ossietzky Universität Oldenburg
57%
SachsenTechnische Universität Dresden, Standort Chemnitz
57%
BayernFriedrich-Alexander-Universität Erlangen-Nürnberg, Standort Bayreuth
50%

Verteilung der Resultate

Perzentil nach korrekt beantworteten Fragen

Anzahl Personen mit jedem Resultat

Ihre Resultats-Entwicklung

Sie haben dieses Quiz seit der letzten Aktualisierung nicht gespielt